Nr. 1 Hits in den USA 1990 - Statistiken

Allgemein
  • Dieses Quiz wurde 30 mal gespielt
  • Das Durchschnittsergebnis liegt bei 8 aus 26
Antwortstatistiken
Wochen auf Platz 1 Lied Interpret % Korrekt
4 Wochen Another Day in Paradise Phil Collins
93%
3 Wochen Vogue Madonna
81%
4 Wochen Nothing Compares 2 U Sinéad O’Connor
81%
1 Woche Ice Ice Baby Vanilla Ice
67%
2 Wochen It Must Have Been Love Roxette
56%
2 Wochen Black Velvet Alannah Myles
44%
3 Wochen Step by Step New Kids On The Block
44%
1 Woche Blaze of Glory Jon Bon Jovi
41%
3 Wochen Escapade Janet Jackson
30%
1 Woche Black Cat Janet Jackson
30%
4 Wochen Vision of Love Mariah Carey
30%
3 Wochen Love Takes Time Mariah Carey
30%
3 Wochen How Am I Supposed to LiveWithout You Michael Bolton
26%
1 Woche I’m Your Baby Tonight Whitney Houston
26%
3 Wochen Opposites Attract Paula Abdul &The Wild Pair
22%
2 Wochen Release Me Wilson Phillips
15%
1 Woche Praying for Time George Michael
11%
1 Woche Hold On Wilson Phillips
11%
1 Woche Close To You Maxi Priest
7%
4 Wochen Because I Love You(The Postman Song) Stevie B
7%
2 Wochen She Ain’t Worth It Glenn Medeiros feat.Bobby Brown
4%
1 Woche (Can’t Live Without Your)Love and Affection Nelson
4%
1 Woche I Don't Have the Heart James Ingram
0%
1 Woche If Wishes Came True Sweet Sensation
0%
1 Woche Love Will Lead You Back Taylor Dayne
0%
1 Woche I'll Be Your Everything Tommy Page
0%
Keine übereinstimmenden Quizze gefunden
Verteilung der Resultate
Anzahl Personen mit jedem Resultat
Perzentil nach korrekt beantworteten Fragen
Ihre Resultats-Entwicklung
Sie haben dieses Quiz noch nicht gespielt